LEADER 00955nam0-22003251i-450- 001 990000426290403321 005 20001010 035 $a000042629 035 $aFED01000042629 035 $a(Aleph)000042629FED01 035 $a000042629 100 $a20001010d--------km-y0itay50------ba 101 0 $aita 105 $ay-------001yy 200 1 $a<>facciata nell'edilizia storica$eIl Piano del colore di Verbania, materiali e superfici per il recupero della cittàstorica$fFabrizio Bianchetti 210 $aMilano$cVangelista$d1993 215 $a128 p.$dill.$d24 cm 225 1 $a<>Quaderni$v12 610 0 $aRecupero Edilizio 676 1$a720.2 676 $a711 700 1$aBianchetti,$bFabrizio$024044 801 0$aIT$bUNINA$gRICA$2UNIMARC 901 $aBK 912 $a990000426290403321 952 $a08 AE 44$b350$fDINED 959 $aDINED 996 $aFacciata nell'edilizia storica$9327967 997 $aUNINA DB $aING01 LEADER 01188nam--2200397---450- 001 990001227790203316 005 20051114134811.0 010 $a88-88340-22-X 035 $a000122779 035 $aUSA01000122779 035 $a(ALEPH)000122779USA01 035 $a000122779 100 $a20031029d2002----km-y0enga50------ba 101 0 $aita 102 $aIT 105 $a||||||||001yy 200 1 $aModelli computazionali della mente$fOscar Bettelli 210 $aLanciano$cCarabba$d2002 215 $a173 p.$d21 cm 225 2 $aCultura dell'anima$hNuova serie$v10 410 0$12001$aCultura dell'anima$hNuova serie$v10 606 0 $aIntelligenza artificiale 606 0 $aMente 676 $a153 700 1$aBETTELLI,$bOscar$0556505 801 0$aIT$bsalbc$gISBD 912 $a990001227790203316 951 $aII.3. 2673(VI ps B 1125)$b168619 L.M.$cVI ps B$d00087315 959 $aBK 969 $aUMA 979 $aMARIA$b10$c20031029$lUSA01$h1617 979 $aPATRY$b90$c20040406$lUSA01$h1728 979 $aSIAVER$b90$c20040621$lUSA01$h1137 979 $aCOPAT5$b90$c20051114$lUSA01$h1348 996 $aModelli computazionali della mente$9984710 997 $aUNISA LEADER 04253 am 2200937 n 450 001 9910418021103321 005 20200131 010 $a979-1-03-000524-0 024 7 $a10.4000/books.pub.24541 035 $a(CKB)4100000011301752 035 $a(FrMaCLE)OB-pub-24541 035 $a(oapen)https://directory.doabooks.org/handle/20.500.12854/63028 035 $a(PPN)248499270 035 $a(EXLCZ)994100000011301752 100 $a20200616j|||||||| ||| 0 101 0 $afre 135 $auu||||||m|||| 181 $ctxt$2rdacontent 182 $cc$2rdamedia 183 $acr$2rdacarrier 200 12$a« Les mots sont aussi des demeures » $ePoétiques de Jean Cayrol /$fPeter Kuon 210 $aPessac $cPresses Universitaires de Bordeaux$d2020 215 $a1 online resource (180 p.) 311 $a2-903440-87-5 330 $aDepuis quelques années, Jean Cayrol émerge des limbes de l?oubli. La redécouverte de l?un des grands absents de l?histoire littéraire de l?après-guerre se fait sous l?enseigne du « lazaréen ». À son retour des camps, Jean Cayrol, à la différence de tant d?autres survivants, avait refusé de porter témoignage de son expérience, pour explorer par l?écriture romanesque la persistance du « concentrationnaire » dans « le psychisme européen et même mondial ». Pour l?ancien résistant, il n?y avait pas d?« après », il n?y a qu?une vie dans et avec l?épouvante des camps. La nouvelle poétique qu?il concrétisera dans ses essais, ses récits, ses poèmes et ses films, pose la catastrophe comme condition préalable de toute création littéraire et artis­tique de l?après-guerre. Ce volume, réunissant les actes du premier colloque universitaire consacré à l??uvre cayrolienne, s?appuie sur le titre d?un de ses recueils de poèmes, Les mots sont aussi des demeures, pour s?interroger sur la ou les poétique(s) de Cayrol. Les mots, à condition d?être restaurés « dans leur splendeur première », offrent au poète la possibilité de bâtir des « demeures », certes transitoires mais « ouvertes, hospitalières ». C?est dans cet esprit que des chercheurs provenant de plusieurs pays - France, Allemagne, Italie, Autriche, Suisse - sont venus habiter les « demeures » d?un grand auteur bordelais et mondial. 517 $a« Les mots sont aussi des demeures » 606 $aLiterature (General) 606 $afiction 606 $atémoignage 606 $arêve 606 $aLazare 606 $apoétique 606 $anon-dit 606 $acamps de concentration 606 $alazaréen 606 $aexpérience concentrationnaire 606 $anuit et brouillard 606 $atravail du deuil 610 $arêve 610 $acamps de concentration 610 $anon-dit 610 $alazaréen 610 $afiction 610 $apoétique 610 $anuit et brouillard 610 $atémoignage 610 $atravail du deuil 610 $aLazare 610 $aexpérience concentrationnaire 615 4$aLiterature (General) 615 4$afiction 615 4$atémoignage 615 4$arêve 615 4$aLazare 615 4$apoétique 615 4$anon-dit 615 4$acamps de concentration 615 4$alazaréen 615 4$aexpérience concentrationnaire 615 4$anuit et brouillard 615 4$atravail du deuil 700 $aBasuyaux$b Marie-Laure$01319026 701 $aBouygues$b Elodie$01291960 701 $aCourtine-Denamy$b Sylvie$0223129 701 $aGiro$b Gianfranca$01319027 701 $aJames-Raoul$b Danièle$01283404 701 $aJurt$b Joseph$0183600 701 $aKuon$b Peter$0158521 701 $aLindeperg$b Sylvie$0772654 701 $aMalgouzou$b Yannick$01319028 701 $aPérez$b Christophe$01296386 701 $aPeylet$b Gérard$01281323 701 $aSegler-Messner$b Silke$0169549 701 $aSerry$b Hervé$01291661 701 $avon Treskow$b Isabella$01319029 701 $aKuon$b Peter$0158521 801 0$bFR-FrMaCLE 906 $aBOOK 912 $a9910418021103321 996 $a« Les mots sont aussi des demeures »$93033608 997 $aUNINA